<?xml version="1.0" encoding="UTF-8"?>
<marc:record xmlns:marc="http://www.loc.gov/MARC21/slim">
   <marc:leader>00000nam a2200000 a 4500</marc:leader>
   <marc:datafield ind1="1" ind2=" " tag="100">
      <marc:subfield code="a">Ruzowitzky, Stefan</marc:subfield>
      <marc:subfield code="4">aut</marc:subfield>
      <marc:subfield code="e">Verfasser/-in</marc:subfield>
   </marc:datafield>
   <marc:datafield ind1=" " ind2=" " tag="653">
      <marc:subfield code="a">DVDGE</marc:subfield>
   </marc:datafield>
   <marc:datafield ind1=" " ind2=" " tag="653">
      <marc:subfield code="a">Dokumentarfilm</marc:subfield>
   </marc:datafield>
   <marc:datafield ind1=" " ind2=" " tag="653">
      <marc:subfield code="a">GSO</marc:subfield>
   </marc:datafield>
   <marc:datafield ind1=" " ind2=" " tag="653">
      <marc:subfield code="a">Gesellschaft</marc:subfield>
   </marc:datafield>
   <marc:datafield ind1=" " ind2=" " tag="653">
      <marc:subfield code="a">Nationalsozialismus</marc:subfield>
   </marc:datafield>
   <marc:datafield ind1=" " ind2=" " tag="653">
      <marc:subfield code="a">Video</marc:subfield>
   </marc:datafield>
   <marc:datafield ind1=" " ind2=" " tag="653">
      <marc:subfield code="a">lne Land</marc:subfield>
   </marc:datafield>
   <marc:datafield ind1=" " ind2=" " tag="653">
      <marc:subfield code="a">Österr.</marc:subfield>
   </marc:datafield>
   <marc:datafield ind1="0" ind2="0" tag="245">
      <marc:subfield code="a">Das Radikal Böse</marc:subfield>
   </marc:datafield>
   <marc:datafield ind1="0" ind2="0" tag="245">
      <marc:subfield code="c">Ruzowitzky, Stefan</marc:subfield>
   </marc:datafield>
   <marc:datafield ind1="1" ind2=" " tag="520">
      <marc:subfield code="a">Stefan Ruzowitzkys Nonfiction-Drama Das radikal Böse beschäftigt sich in einer stilistisch innovativen Herangehensweise mit einem dunklen Kapitel der deutschen Geschichte:Den systematischen Erschießungen jüdischer Zivilisten durch Polizeibataillone und Einsatzgruppen in Osteuropa. Wie werden aus ganz normalen jungen Männern Massenmörder? Warum töten ehrbare Familienväter Tag für Tag Frauen, Kinder und Babys? Wir hören ihre Gedanken aus Briefen, Tagebuchaufzeichnungen und Gerichtsprotokollen, sehen in junge Gesichter, Projektionsflächen für Assoziationen und Erkenntnisse. Ergänzt mit historischen Aufnahmen, den Aussagen renommierter Holocaust-Forscher, wie Père Desbois, Christopher Browning oder Robert Jay Lifton und den überraschenden Ergebnissen psychologischer Experimente führt der Film hin zu dem radikal Bösen, einer Blaupause des Genozid.&#xD;
Nach dem Ende des Zweiten Weltkrieges 1945 wurden die Kriegsverbrecher und Mittäter der Judenverfolgung in den Nürnberger Prozessen angeklagt. Psychologische Tests wurden durchgeführt, die ergründen sollten, wie junge Männer und Familienväter zu Massenmördern werden sollten und warum niemand seine Befehle in Frage stellte, wenn es darum ging Frauen, Kinder und Babys zu töten.</marc:subfield>
   </marc:datafield>
</marc:record>
